000 01235nam a2200325 a 4500
001 000016475
005 20240307073946.0
008 100305s1984 dr a 000 0 spa d
040 _aDO-SdBNP
_bspa
_cBNPHU
082 _a460.7
_bE96d, 1984
245 0 0 _aExperiencias didacticas /
_cYolanda Fernández de Perdomo... [et al.].
250 _a3a. ed.
260 _aSanto Domingo :
_bUASD,
_c1984.
300 _a524 p. :
_bil. ;
_c23 cm.
490 1 _aPublicaciones de la Universidad Autónoma de Santo Domingo
_v235
490 1 _aEducación y sociedad
_v3
504 _aBibliografía : p. 519-524
590 _aInventariado, 2018/LP
650 4 _aEspañol
_xComposición y ejercicios
_91362
650 4 _aEspañol
_xGramática
_xEstudio y enseñanza
_9524
700 1 2 _aFernández de Perdomo, Yolanda
_936686
700 1 2 _aNivar de Fernández, Nora
_936687
700 1 2 _aPereyra de Torres, Ana
_936688
700 1 2 _aAybar de Cruz, Consuelo
_936689
700 1 2 _aDíaz de Pérez
_936690
710 1 2 _aUniversidad Autónoma de Santo Domingo
_972951
830 0 _aPublicaciones de la Universidad Autónoma de Santo Domingo ;
_n235
_936691
830 0 _aEducación y sociedad ;
_n3
_936692
910 _aValidado. Control de calidad MFF
999 _c16010
_d16010